Film Piracy, Organized Crime, and Terrorism (Record no. 352082)
[ view plain ]
| 000 -LEADER | |
|---|---|
| fixed length control field | 00679nam a2200133Ia 4500 |
| 008 - FIXED-LENGTH DATA ELEMENTS--GENERAL INFORMATION | |
| fixed length control field | 171212s9999 xx 000 0 und d |
| 020 ## - INTERNATIONAL STANDARD BOOK NUMBER | |
| International Standard Book Number | 9780833045652 |
| 100 ## - MAIN ENTRY--PERSONAL NAME | |
| Personal name | Treverton, Gregory F;Matthies, Carl;Cunningham, Karla J;Gouka, Jeremiah;Ridgeway, Greg |
| 245 ## - TITLE STATEMENT | |
| Statement of responsibility, etc | Treverton, Gregory F;Matthies, Carl;Cunningham, Karla J;Gouka, Jeremiah;Ridgeway, Greg |
| Title | Film Piracy, Organized Crime, and Terrorism |
| 260 ## - PUBLICATION, DISTRIBUTION, ETC. (IMPRINT) | |
| Name of publisher, distributor, etc | RAND Corporation |
| Date of publication, distribution, etc | 2009 |
| 650 ## - SUBJECT ADDED ENTRY--TOPICAL TERM | |
| Topical term or geographic name as entry element | Organized crime -- Social aspects; Terrorism -- Social aspects; Video recordings -- Pirated editions; Product counterfeiting; Piracy (Copyright) |
| 650 ## - SUBJECT ADDED ENTRY--TOPICAL TERM | |
| Topical term or geographic name as entry element | Political Science |
| 856 ## - ELECTRONIC LOCATION AND ACCESS | |
| Uniform Resource Identifier | <a href="www.jstor.org/stable/10.7249/mg742mpa">www.jstor.org/stable/10.7249/mg742mpa</a> |
| Withdrawn status | Lost status | Damaged status | Home library | Current library | Date acquired | Total Checkouts | Full call number | Date last seen | Price effective from | Koha item type |
|---|---|---|---|---|---|---|---|---|---|---|
| College Library | College Library | 12/12/2017 | HV6431.F554 2009 | 12/12/2017 | 12/12/2017 | Curriculum - Based eBooks |